Monetárne pravidlá Miltona Friedmana

Život a dielo amerického ekonóma Miltona Friedmana, nositeľa Nobelovej ceny za ekonómiu z roku 1976. Odporca keynesiánskeho systému a štátneho plánovania, predstaviteľ monetaristického prúdu, ktorému sa podarilo skrotiť infláciu. Friedman skúmal príjmy obyvateľstva a dokázal, že pomer úspor domácnos...

Descrizione completa

Salvato in:
Dettagli Bibliografici
Autore principale: Polakovič, Ivan
Natura: Capitolo di libro
Lingua:slovacco
Soggetti:
Tags: Aggiungi Tag
Nessun Tag, puoi essere il primo ad aggiungerne!!

MARC

LEADER 00000naa$a2200000$$$4500
001 0018448
005 20230926071502.7
041 0 |a slo 
044 |a SK 
245 1 0 |a Monetárne pravidlá Miltona Friedmana  |c Ivan Polakovič 
520 |a Život a dielo amerického ekonóma Miltona Friedmana, nositeľa Nobelovej ceny za ekonómiu z roku 1976. Odporca keynesiánskeho systému a štátneho plánovania, predstaviteľ monetaristického prúdu, ktorému sa podarilo skrotiť infláciu. Friedman skúmal príjmy obyvateľstva a dokázal, že pomer úspor domácností na ich celkových príjmoch je po celé desaťročia v podstate konštantný a nemenný. Vysvetlil, kto nesie zodpovednosť za infláciu a poskytol recept na jej riešenie. Kritik sociálnych programov vtedajších amerických vlád. Postoj Friedmana k zákonom o minimálnych mzdách. Obhajca a presadzovateľ ekonomickej slobody jednotlivcov, slobodného trhu a liberalizmu, ktorý prináša podľa neho rozvoj celej kapitalistickej spoločnosti. 
610 2 0 |a Friedman, M. 
610 2 0 |a ekonómovia 
610 2 0 |a teórie ekonomické 
610 2 0 |a monetarizmus 
610 2 0 |a inflácia 
610 2 0 |a mzdy minimálne 
610 2 0 |a Nobelova cena 
610 2 0 |a biografia 
100 1 |a Polakovič, Ivan